| 000 | 02195nam a22002657a 4500 | ||
|---|---|---|---|
| 999 |
_c59903 _d59903 |
||
| 003 | Ge_BSU | ||
| 005 | 20230508172938.0 | ||
| 008 | 230508s2010 ge ||||| |||| 00| 0 geo d | ||
| 020 | _a9789941913853 | ||
| 041 | _ageo | ||
| 080 | _a903.05(479.22)+669(479.22) უ-96 | ||
| 245 |
_aუძველესი მეტალურგია და სამთო საქმე საქართველოში = Alte Metallurgie und Bergbau in Georgien = Древнейшая металлургия и горное дело в Грузии : _bძვ.წ. VI-III ათასწლეულებში / _cირ. ღამბაშიძე, გ. მინდიაშვილი, გ. გოგოჭური [და სხვ.] ; [პროექტის ავტ. და ხელმძღვ., პ/მგ რედ.-გამომც. ირ. ღამბაშიძე ; წინათქმა დავით ლორთქიფანიძე ; მხატვ. ელ. სახვაძე] ; ქართველოლ., ჰუმანიტ. და სოც. მეცნ. რუსთაველის ფონდი, საქ. ეროვნ. მუზეუმი. |
||
| 264 |
_aთბილისი : _bმწიგნობარი, _c2010. |
||
| 300 |
_a592 გვ. : _bტაბ., სურ., რუქ., ცხრ. ; _c29 სმ. |
||
| 500 | _aპარალ. თავფურ. და რეზ. გერმ. და რუს. | ||
| 501 | _aკატალოგი: გვ. 261-504. ტაბულები: გვ. 511-566 ანბ. საძიებელი: გვ. 567-584. | ||
| 504 | _aბიბლიოგრ.: გვ. 585-592. | ||
| 653 | _aსამთო საქმე საქართველოში | ||
| 653 | _aმეტალურგია საქართველოში. | ||
| 700 |
_aღამბაშიძე, ირ. _eავტორი _918041 |
||
| 700 |
_aმინდიაშვილი, გ., _eავტორი _918042 |
||
| 700 |
_aგოგოჭური, გ. _eავტორი _918043 |
||
| 700 |
_aკახიანი, კ. _eავტორი _918044 |
||
| 942 |
_2udc _cBK |
||